BIBLIOTECA

SENCICO

Manual de albañilería (Registro nro. 3479)

Detalles MARC
000 -LEADER
fixed length control field 00657nam a2200217Ia 4500
005 - DATE AND TIME OF LATEST TRANSACTION
control field 20251020182615.0
008 - FIXED-LENGTH DATA ELEMENTS--GENERAL INFORMATION
fixed length control field 200515s9999 xx 000 0 und d
082 ## - DEWEY DECIMAL CLASSIFICATION NUMBER
Classification number SC/693.1/L51
100 ## - MAIN ENTRY--PERSONAL NAME
Personal name LESUR, Luis
245 #0 - TITLE STATEMENT
Title Manual de albañilería
260 ## - PUBLICATION, DISTRIBUTION, ETC.
Place of publication, distribution, etc. México, D.F.
260 ## - PUBLICATION, DISTRIBUTION, ETC.
Date of publication, distribution, etc. 1993
300 ## - PHYSICAL DESCRIPTION
Extent 171
520 ## - SUMMARY, ETC.
Summary, etc. Guía para llevar a cabo la construcción de una casa, ya que expone, paso a paso, las diferentes etapas de ese proceso mediante detalladas explicaciones y abundantes fotografías
650 ## - SUBJECT ADDED ENTRY--TOPICAL TERM
Topical term or geographic name entry element ALBAÑILERIA
650 ## - SUBJECT ADDED ENTRY--TOPICAL TERM
Topical term or geographic name entry element BLOQUES DE CONCRETO
650 ## - SUBJECT ADDED ENTRY--TOPICAL TERM
Topical term or geographic name entry element ESCALERAS
650 ## - SUBJECT ADDED ENTRY--TOPICAL TERM
Topical term or geographic name entry element MANUALES
650 ## - SUBJECT ADDED ENTRY--TOPICAL TERM
Topical term or geographic name entry element MUROS
942 ## - ADDED ENTRY ELEMENTS (KOHA)
Koha item type Libros
Existencias
Fecha de la última vez que lo usaron Pago total Signatura topográfica completa Código de barras Precio efectivo desde Tipo de documento Estado perdido Estado dañado No es para préstamo Retirado Ubicación permanente Ubicación actual Fecha de adquisición
15/05/2020   SC/693.1/L51 Bib-Lima15053479 15/05/2020 Libros         Biblioteca Central Lima Biblioteca Central Lima 15/05/2020